Scope and sequence of goals and objectives : social studies.

Bibliographic Details
Corporate Author: Bloomington Public Schools (Minn.)
Format: Microform Book
Language:English
Published: Bloomington, MN : The Schools, 1984.
Series:Kraus Curriculum Development library ; SOC K-099.
Kraus Curriculum Development library ; SOC 7-041.
Subjects:

MARC

Tag First Indicator Second Indicator Subfields
LEADER 00000cam a2200000 a 4500
001 in00001280331
005 20151004063449.0
007 he amb024baca
008 920212s1984 mnu b 000 0 eng d
035 |a (OCoLC)25266047 
035 |9 AGX9156AM 
040 |a KRA  |c KRA  |d UtOrBLW 
043 |a n-us-mn 
049 |a TXAI 
090 |a LB1025.2  |b .K7x SOC K-099, SOC 7-041 
099 |a Fiche  |a C  |a 3276  |a SOC K-099.  |a SOC 7-041. 
110 2 |a Bloomington Public Schools (Minn.) 
245 1 0 |a Scope and sequence of goals and objectives :  |b social studies. 
264 1 |a Bloomington, MN :  |b The Schools,  |c 1984. 
300 |a 2 volumes ;  |c 29 cm. 
336 |a text  |b txt  |2 rdacontent 
337 |a microform  |b h  |2 rdamedia 
338 |a microfiche  |b he  |2 rdacarrier 
500 |a "January, 1984." 
500 |a Cover title. 
505 0 |a [v. 1.] K-6 -- [v. 2.] 7-12. 
533 |a Microfiche.  |b White Plains, N.Y. :  |c Kraus International Publications,  |d 1987.  |e 3 microfiches.  |f (Kraus Curriculum Development Library ; SOC K-099, SOC 7-041). 
500 |a Microform. 
610 1 0 |a Bloomington Public Schools (Minn.)  |x Curricula. 
650 0 |a Social sciences  |x Study and teaching. 
650 0 |a History  |x Study and teaching. 
740 0 |a Social studies, scope and sequence of goals and objectives. 
830 0 |a Kraus Curriculum Development library ;  |v SOC K-099. 
830 0 |a Kraus Curriculum Development library ;  |v SOC 7-041. 
999 |a MARS 
999 f f |s 20de13fc-a2cd-34a4-ac05-842e07801a30  |i 0a913374-3dca-3363-9dfd-7333dc9dffde  |t 0 
952 f f |p normal  |a Texas A&M University  |b College Station  |c Sterling C. Evans Library  |d Evans: Microforms Fiche (3rd floor)  |t 0  |e Fiche C 3276 SOC K-099. SOC 7-041  |h Other scheme  |i microform -- microfiche  |k v.1  |m A14821756265 
952 f f |p normal  |a Texas A&M University  |b College Station  |c Sterling C. Evans Library  |d Evans: Microforms Fiche (3rd floor)  |t 0  |e Fiche C 3276 SOC K-099. SOC 7-041  |h Other scheme  |i microform -- microfiche  |k v.2  |m A14821756312 
998 f f |a Fiche C 3276 SOC K-099. SOC 7-041  |s v.2=SOC 7-041  |t 0  |l Evans: Microforms Fiche (3rd floor)